RFID + The Complete Review of Radio Frequency Identification (Record no. 5721)

MARC details
000 -LEADER
fixed length control field 00401nam a2200157Ia 4500
008 - FIXED-LENGTH DATA ELEMENTS--GENERAL INFORMATION
fixed length control field 221030s9999 xx 000 0 und d
020 ## - INTERNATIONAL STANDARD BOOK NUMBER
ISBN 8131502627
041 ## - LANGUAGE CODE
Language code of text/sound track or separate title
082 ## - DEWEY DECIMAL CLASSIFICATION NUMBER
Classification number 105.23
100 ## - MAIN ENTRY--AUTHOR NAME
Personal name E. M. Cooney
245 #0 - TITLE STATEMENT
Title RFID + The Complete Review of Radio Frequency Identification
260 ## - PUBLICATION, DISTRIBUTION, ETC. (IMPRINT)
Name of publisher Thomson Learning
Place of publication Boston
Year of publication 2007
300 ## - PHYSICAL DESCRIPTION
Number of Pages 297
650 ## - SUBJECT ADDED ENTRY--TOPICAL TERM
Topical Term BE Computer
942 ## - ADDED ENTRY ELEMENTS (KOHA)
Koha item type Books
Holdings
Accession Number Cost, normal purchase price Full call number Price effective from Koha item type Withdrawn / writtenoff status Materials specified (bound volume or other part) Damaged status Not for loan Permanent Location Current Location Shelving location Date acquired Lost/ Missing status department
BE 9594 250.00 105.23 10/30/2022 Books   Print   Not For Loan MIET Library, Jammu MIET Library, Jammu BL-Second, FL-1, CUP-77, SH-4, R-4 05/01/2008   BE
BE 9595 250.00 105.23 10/30/2022 Books   Print     MIET Library, Jammu MIET Library, Jammu BL-Academic Block A, FL-1, CUP-51, SH-3, R-3 05/01/2008   BE